MARC

LEADER 00000nlm0a2200000 4500
001 242838
005 20231101231925.0
035 |a (RuTPU)RU\TPU\book\264160 
090 |a 242838 
100 |a 20130911d2012 m y0rusy50 ca 
101 0 |a rus 
102 |a RU 
105 |a y j 000zy 
135 |a vocna---uucaa 
181 0 |a i  
182 0 |a b 
200 1 |a Численные методы: теория и практика  |b Электронный ресурс  |e учебное пособие для бакалавров  |f У. Г. Пирумов  |g Московский авиационный институт (МАИ) 
203 |a Текст  |c электронный 
205 |a 5-е изд. 
210 |a Москва  |c Юрайт  |d 2012 
215 |a 1 Мультимедиа CD-ROM 
225 1 |a Электронные учебники издательства Юрайт 
230 |a Мультимедиа ресурсы (10 директорий; 100 файлов; 740MB) 
300 |a Электронная копия печатного издания. 
333 |a Режим доступа: из корпоративной сети ТПУ 
337 |a Pentium 100 MHz, 16 Mb RAM, Windows 95/98/NT/2000, CDROM, SVGA, звуковая карта, Internet Explorer 5.0 и выше 
452 1 |0 (RuTPU)RU\TPU\book\253199  |y 978-5-9916-1867-0  |t Численные методы. Теория и практика  |o учебное пособие для бакалавров  |f У. Г. Пирумов  |g Московский авиационный институт (МАИ)  |e 5-е изд., перераб. и доп.  |c Москва  |n Юрайт  |d 2012  |p 422 с.  |s Бакалавр. Базовый курс  |a Пирумов, Ульян Гайкович 
606 1 |a Численные методы  |2 stltpush  |3 (RuTPU)RU\TPU\subj\18757  |9 44131 
610 1 |a алгебра 
610 1 |a функции 
610 1 |a приближения 
610 1 |a численное интегрирование 
610 1 |a численное дифференцирование 
610 1 |a обыкновенные дифференциальные уравнения 
610 1 |a решение 
610 1 |a уравнения в частных производных 
610 1 |a задачи 
610 1 |a нелинейные уравнения 
610 1 |a учебные пособия 
675 |a 519.6(075.8)  |v 3 
700 1 |a Пирумов  |b У. Г.  |g Ульян Гайкович 
712 0 2 |a Московский авиационный институт (МАИ)  |c Национальный исследовательский университет  |2 stltpush  |3 (RuTPU)RU\TPU\col\3642 
801 1 |a RU  |b 63413507  |c 20130911 
801 2 |a RU  |b 63413507  |c 20130923  |g RCR 
856 4 |u http://www.lib.tpu.ru/fulltext2/m/2013/FN/fn-2402.pdf 
900 |a Численные методы анализа 
942 |c CF